00953nam a2200241 a 4500001001000000003000500010005001700015008004100032010001100073011001100084040000900095100003000104245017400134260004100308500006000349502007200409650002400481650003700505650002400542650002800566650004700594856007000641000113151CHAP20220329144341.0170503s2016 mx sm |||||||spa d a109612 a110584 cCHAP1 aValdivia Pérez, Daniela10aAnálisis de frecuencias de ocurrencia de lluvia extremas con finalidad de drenaje superficial municipio Macuspana, Tabascoh[En línea]cpor Daniela Valdivia Pérez. aChapingo, Méx. :bEl autor,c2016. aPara ver el contenido del material haga clic en la liga aTesis (Ing. en Irrigación ) -- UACH. Departamento de Irrigación14aDrenaje agrícola.14aEscurrimientosxAprovechamiento.14aLluviaxMedición.14aPlantasxEspaciamiento.14aPrecipitación (Meteorología)xTabasco. aFinding aiduhttp://10.13.5.2/tesis/sist113151.pdfzTeclea aquí